Δήμοι της Ελλάδας που Αρχίζουν από Ο - Statistics

General Stats
  • This quiz has been taken 8 times
  • The average score is 2 of 5
Answer Stats
Δήμος % Correct
Ορεστιάδας
100%
Ορχομενού
71%
Οινουσσών
29%
Οροπεδίου Λασιθίου
29%
Οιχαλίας
14%
No matching quizzes found
Score Distribution
Percent of People with Each Score
Percentile by Number Answered
Your Score History
You have not taken this quiz